000 00623nam a2200205 i 4500
001 80772
003 ES-MaACL
005 20230906174309.0
007 t|
008 041029s1908 fr ||||1| fre d
100 1 _aHourticq, Louis.
_964341
245 1 3 _aLa peinture
_b: les origines au XVI siecle /
_cLouis Hourticq.
260 _a[S.l. :
_bs.n.,
_c1908] (
_eEvreux :
_fCh. Herissey)
300 _a500 p. :
_bil. ;
_c26 cm.
490 1 _aManuels d'histoire de l'art
650 0 4 _aPintura-
_vHistoria.
_916006
830 0 _aManuels d'histoire de l'art
_9181440
852 _aES-MaACL
_jF-2123
999 _c80772
_d80772